| 000 | 00501nam a2200169 4500 | ||
|---|---|---|---|
| 001 | VA31340 | ||
| 003 | ES-SlBCS | ||
| 005 | 20211120011005.0 | ||
| 008 | 140520s1973 xxu||||| |||| 00| 0 spa d | ||
| 041 | _aspa | ||
| 100 | 1 |
_aRubio Carracedo, José _97908 |
|
| 245 | 1 | 0 |
_aAntropología prospectiva, inspirada en los ensayos de Teilhard de Chardin _cJosé Rubio Carracedo |
| 260 |
_aMadrid : _bStudium _c, 1973 |
||
| 300 |
_a258 p.; _c21 cm |
||
| 650 |
_aAntropología Prospectiva _9370989 |
||
| 942 | _cBK | ||
| 999 |
_c806067 _d806067 |
||